Classique - Personnages littérature française - Statistiques

Statistiques générales
  • Ce quiz a été pris 312 fois
  • Le résultat moyen est 16 sur 40
Statistiques - réponses
Année Personnages Auteur ( Prénom + Nom) % Correct
1665 Dom Juan Molière
87%
1856 Emma Bovary Gustave Flaubert
82%
1862 Gavroche Victor Hugo
77%
1877 Gervaise Macquart Émile Zola
76%
1747 Zadig Voltaire
76%
1830 Julien Sorel Stendhal
74%
Fin 17e siècle Corbeau, renard, loup, agneau Jean de la Fontaine
73%
1535 Gargantua François Rabelais
72%
1668 Harpagon Molière
69%
1957 Augustine Pagnol Marcel Pagnol
65%
1897 Cyrano Edmond Rostand
60%
1942 Antigone Jean Anouilh
60%
1667 Andromaque Jean Racine
58%
1942 Meursault Albert Camus
57%
1830 Javert Victor Hugo
53%
1637 Chimène Pierre Corneille
52%
1951 Hadrien Marguerite Yourcenar
50%
1943 L'aviateur Antoine de Saint-Exupéry
48%
1762 Émile Jean-Jacques Rousseau
44%
12e siècle Yvain, Perceval ou encore Lancelot Chrétien de Troyes
42%
1844 Mercédès Alexandre Dumas
41%
1913 Augustin Meaulnes Alain Fournier
36%
1837 Lucien de Rubempré Honoré de Balzac
32%
1885 Georges Duroy Guy de Maupassant
31%
1932 Ferdinand Bardamu Louis-Ferdinand Céline
30%
1834 Lorenzo de Médicis Alfred de Musset
28%
1900 Claudine Colette
26%
1858 Sophie Comtesse de Ségur
25%
1913 Baron de Charlus Marcel Proust
18%
1697 Aurore Charles Perrault
17%
1947 Colin Boris Vian
11%
À partir de 1840 Plusieurs poèmes dont l'Ennemi Charles Baudelaire
10%
1864 Le professeur Otto Lidenbrock Jules Verne
8%
2000 Octave Parango Frédéric Beigbeder
3%
1948 Paule Rezeau Hervé Bazin
3%
1849 Landry Barbeau George Sand
2%
2000 Lauren Kline Marc Lévy
2%
1678 Mademoiselle de Chartres Marie-Madeleine de La Fayette
1%
1950 Joseph Marguerite Duras
0%
1943 Pierre, Françoise Simone de Beauvoir
0%
Aucun quiz correspondant
Distribution des résultats
% des personnes avec chaque résultat
Percentile par nombre de réponses
Votre historique - résultats
Vous n’avez pas pris ce quiz